00570nam a2200133Ia 4500008004100000100002300041245010600064245011700170260005300287260000900340300001100349650001500360856006100375170221s9999 xx 000 0 und d aNina M. Stukalenko aManagement of the Psycho-Pedagogical Work on Prevention of Antisocial Behavior of Troubled Teenagers  cNina M. Stukalenko, Madina B. Zhantemirova, Aizhanа B. Abibulayeva, Zhadyra K. Ermekova, Sadybek K. Beisenbayev bInternational Review of Management and Marketing c2016 a15 : 4 xMarketing. uhttp://www.econjournals.com/index.php/irmm/issue/view/75